<?xml version="1.0" encoding="UTF-8"?>
<marc:record xmlns:marc="http://www.loc.gov/MARC21/slim">
   <marc:leader>00000nam a2200000 a 4500</marc:leader>
   <marc:datafield ind1="1" ind2=" " tag="100">
      <marc:subfield code="a">Follett, Ken ::[VerfasserIn]::</marc:subfield>
      <marc:subfield code="4">aut</marc:subfield>
      <marc:subfield code="e">Verfasser/-in</marc:subfield>
   </marc:datafield>
   <marc:datafield ind1=" " ind2=" " tag="653">
      <marc:subfield code="a">Thriller</marc:subfield>
   </marc:datafield>
   <marc:datafield ind1=" " ind2=" " tag="653">
      <marc:subfield code="a">Historisches</marc:subfield>
   </marc:datafield>
   <marc:datafield ind1=" " ind2=" " tag="653">
      <marc:subfield code="a">Agent</marc:subfield>
   </marc:datafield>
   <marc:datafield ind1=" " ind2=" " tag="653">
      <marc:subfield code="a">Radarstation</marc:subfield>
   </marc:datafield>
   <marc:datafield ind1="0" ind2="0" tag="245">
      <marc:subfield code="a">Mitternachtsfalken</marc:subfield>
   </marc:datafield>
   <marc:datafield ind1=" " ind2="1" tag="264">
      <marc:subfield code="b">Verlagsgruppe Lübbe</marc:subfield>
      <marc:subfield code="c">2003</marc:subfield>
   </marc:datafield>
   <marc:datafield ind1="1" ind2=" " tag="520">
      <marc:subfield code="a">Wir schreiben das Jahr 1941. Hermia Mount, eine junge Engländerin, ist als Tochter eines Diplomaten in Skandinavien aufgewachsen. Aufgrund ihrer Sprachkenntnisse wurde ihr die Leitung der Auslandsgruppe Dänemark im MI-5 übertragen. Dennoch ist ihre Position in dem von Männern dominierten Geheimdienst nicht einfach. Von einem ihrer Mittelsmänner in Dänemark erfährt sie von "Freya", einem Geheimprojekt der deutschen Armee. Doch wie wichtig ist diese Information? Großbritannien ist im Krieg mit Deutschland, und die britischen Bomber haben die Aufgabe, die deutschen Truppen von der Ostfront abzulenken.</marc:subfield>
   </marc:datafield>
   <marc:datafield ind1="3" ind2=" " tag="024">
      <marc:subfield code="a">3785721242</marc:subfield>
   </marc:datafield>
</marc:record>
